000 00704nam a2200289Ia 4500
005 20260324150728.0
008 008 260324s9999 xx 000 0 eng d
020 _a9781315010755
037 _aEBOOK
040 _aCRL
040 _beng
040 _cCRL
041 _2eng
041 _aeng
084 _qCRL
100 _a Lowy, Samuel
_91202398
245 0 _aCo-Operation, Tolerance, And Prejudice
245 2 _bA CONTRIBUTION TO SOCIAL AND MEDICAL PSYCHOLOGY
260 _bTaylor and Francis
260 _c1948
365 _a
365 _b145
856 _uhttp://www.taylorfrancis.com/books/9781315010755
942 _cEBOOK
999 _c1837382
_d1837382